000
00252nam a22001097a 4500
082
_a
621.4023 LIC'C
100
_a
LICHTY, L. C
_9
76777
245
_a
COMBUSTION ENGINES PROCESSES
260
_a
NEWYORK
_b
MCGRAW HILL
_c
1967
300
_a
654P
942
_c
BK
999
_c
582107
_d
582107